[Event "Bünde- Lippstadt"]
[Site "?"]
[Date "2022.09.25"]
[Round "2.6"]
[White "Altenbernd, Jannis"]
[Black "Laurenz, Waldemar"]
[Result "1-0"]
[WhiteElo "1999"]
[BlackElo "1971"]
[PlyCount "71"]
[EventDate "2022.??.??"]
[SourceVersionDate "2023.06.22"]

1. d4 Nf6 2. c4 e6 3. Nc3 d5 4. cxd5 exd5 5. Bg5 Be7 6. e3 c6 7. Bd3 O-O 8.
Nge2 Ne4 9. Bf4 f5 10. f3 Nxc3 11. bxc3 Nd7 12. O-O Nf6 13. Ng3 Ne8 14. Qc2 g6
15. e4 Bg5 16. Be5 f4 17. Ne2 Be6 18. exd5 cxd5 19. Bxg6 Qe7 20. Bd3 Rf7 21.
Qd2 Ng7 22. Rab1 Nh5 23. Rb5 b6 24. a4 Bh6 25. Rfb1 Bg7 26. Bxg7 Rxg7 27. Nc1
Re8 28. a5 Bh3 29. Bf1 Ng3 30. hxg3 Rxg3 31. Qxf4 Qg7 32. R5b2 Rf8 33. Qe5 Qxe5
34. dxe5 Bf5 35. Kf2 Rg6 36. Bd3 1-0

[Event "Bünde- Lippstadt"]
[Site "?"]
[Date "2022.09.25"]
[Round "2.8"]
[White "Gudath, Reiner"]
[Black "Schulte, Tobias"]
[Result "0-1"]
[WhiteElo "1967"]
[BlackElo "1822"]
[PlyCount "66"]
[EventDate "2022.??.??"]
[SourceVersionDate "2023.06.22"]

1. c4 b6 2. Nc3 c5 3. e4 Bb7 4. Nf3 Nc6 5. g3 e5 6. Bg2 Nf6 7. d3 Be7 8. a3 O-O
9. O-O h6 10. Rb1 Qc7 11. Nh4 Nd4 12. Ne2 Nc6 13. Nf5 d6 14. Bd2 Rfe8 15. b4
Bf8 16. b5 Ne7 17. Ne3 a5 18. a4 g6 19. f4 Bg7 20. Nc3 exf4 21. gxf4 Nd7 22.
Ncd5 Bxd5 23. cxd5 f5 24. Nc4 Bd4+ 25. Kh1 Nc8 26. exf5 gxf5 27. Qh5 Nf6 28.
Qg6+ Qg7 29. Qxf5 Ng4 30. Be1 Ra7 31. Bf3 Ne3 32. Rg1 Nxf5 33. Rxg7+ Rxg7 0-1

[Event "Porz 2- Brackel 2"]
[Site "?"]
[Date "2022.09.25"]
[Round "2.1"]
[White "Wensing, Maximilian"]
[Black "Pauly, Carlo"]
[Result "1-0"]
[WhiteElo "2077"]
[BlackElo "2314"]
[PlyCount "129"]
[EventDate "2022.??.??"]
[SourceVersionDate "2023.06.22"]

1. c4 Nf6 2. g3 g6 3. Bg2 Bg7 4. Nc3 O-O 5. e4 d6 6. Nge2 c5 7. O-O Nc6 8. h3
Ne8 9. d3 Nc7 10. f4 e6 11. Be3 Nd4 12. Rb1 a5 13. Bf2 Nxe2+ 14. Qxe2 Rb8 15.
e5 b6 16. d4 cxd4 17. Bxd4 Bb7 18. Bxb7 Rxb7 19. Rbd1 d5 20. Qe3 b5 21. cxd5
Nxd5 22. Nxd5 Qxd5 23. Bc5 Qxa2 24. Bxf8 Bxf8 25. Qc3 Kg7 26. Qc6 Rb8 27. Rd7
Qc4 28. Qxc4 bxc4 29. Rc1 Rb4 30. Rc2 Bc5+ 31. Kg2 h5 32. Rcd2 Be3 33. Rc2 h4
34. gxh4 Bxf4 35. Rf2 Bxe5 36. Rfxf7+ Kg8 37. Rfe7 Rxb2+ 38. Kf3 Rb8 39. Rxe6
Rf8+ 40. Kg4 Bf6 41. Rc6 c3 42. Ra7 Rf7 43. Rxa5 Kg7 44. Raa6 Rf8 45. Ra7+ Kh6
46. Rb7 Be5 47. Rb4 Rf5 48. Re4 Kg7 49. Ra4 Kh6 50. Rc5 Kg7 51. Ra7+ Kh6 52.
Ra4 Kg7 53. Re4 Kf6 54. Rc6+ Kg7 55. Re6 Bf6 56. Rc4 Kf7 57. Rb6 Be5 58. h5
Rxh5 59. Rcc6 Bg7 60. Rb7+ Kg8 61. Rxg6 Rh7 62. Rc7 c2 63. Rxc2 Kf7 64. Ra6 Kg8
65. Rc7 1-0

[Event "Porz 2- Brackel 2"]
[Site "?"]
[Date "2022.09.25"]
[Round "2.2"]
[White "Marcziter, Dmitrii"]
[Black "Garbuz, Vitaliy"]
[Result "1-0"]
[WhiteElo "2246"]
[BlackElo "2133"]
[PlyCount "71"]
[EventDate "2022.??.??"]
[SourceVersionDate "2023.06.22"]

1. Nf3 d5 2. d4 Nf6 3. c4 e6 4. g3 Be7 5. Bg2 O-O 6. Qc2 dxc4 7. Qxc4 a6 8. O-O
b5 9. Qc2 Bb7 10. Bf4 Nc6 11. Rd1 Nb4 12. Qc1 Nbd5 13. Nbd2 Nxf4 14. gxf4 c5
15. dxc5 Qc7 16. Nb3 Rac8 17. Ne5 Bxg2 18. Kxg2 Bxc5 19. Nxc5 Qxc5 20. Qxc5
Rxc5 21. Rac1 Rxc1 22. Rxc1 Rd8 23. Rc7 h6 24. Kf3 Rd2 25. Nd3 g5 26. fxg5 hxg5
27. Rc1 Nd5 28. Rg1 f6 29. h4 e5 30. hxg5 f5 31. Nxe5 Rxb2 32. Rd1 Nc3 33. Rd8+
Kg7 34. Rd7+ Kg8 35. Kf4 Rxe2 36. f3 1-0

[Event "Porz 2- Brackel 2"]
[Site "?"]
[Date "2022.09.25"]
[Round "2.3"]
[White "Gerlach, Felix"]
[Black "Gallasch, Jonas"]
[Result "0-1"]
[WhiteElo "2071"]
[BlackElo "2238"]
[PlyCount "100"]
[EventDate "2022.??.??"]
[SourceVersionDate "2023.06.22"]

1. c4 Nf6 2. g3 g6 3. Bg2 Bg7 4. Nc3 O-O 5. e4 c5 6. Nge2 Nc6 7. d3 d6 8. O-O
a6 9. h3 Ne8 10. Be3 Nd4 11. Rb1 Nc7 12. b4 Bd7 13. bxc5 dxc5 14. Rxb7 Qc8 15.
Qb1 Ncb5 16. Rxb5 axb5 17. cxb5 Nxe2+ 18. Nxe2 Ra5 19. a4 Rxa4 20. Nc3 Rb4 21.
Qc2 e6 22. Na4 Bxb5 23. Nb6 Qa6 24. Qxc5 Rb3 25. e5 Bxd3 26. Rc1 Rb1 27. Rxb1
Bxb1 28. Nd7 Rc8 29. Qe7 Qa1 30. Nf6+ Kh8 31. Bf4 g5 32. Bxg5 Bg6+ 33. Kh2 Qxe5
34. Ne8 h6 35. Bf6 Bxf6 36. Qf8+ Kh7 37. Nxf6+ Qxf6 38. Qxc8 Qxf2 39. Qc4 e5
40. h4 h5 41. Kh3 Qd4 42. Qxd4 exd4 43. g4 d3 44. Bf3 hxg4+ 45. Kxg4 d2 46. Kg5
Bc2 47. Kf6 Kg8 48. h5 d1=Q 49. Bxd1 Bxd1 50. h6 Bb3 0-1

[Event "Porz 2- Brackel 2"]
[Site "?"]
[Date "2022.09.25"]
[Round "2.4"]
[White "Sabirov, Ramil"]
[Black "Seref, Erdogan"]
[Result "0-1"]
[WhiteElo "2133"]
[BlackElo "1971"]
[PlyCount "48"]
[EventDate "2022.??.??"]
[SourceVersionDate "2023.06.22"]

1. Nf3 d5 2. b3 Bg4 3. Bb2 Nd7 4. c4 e6 5. e3 Ngf6 6. Nc3 c6 7. h3 Bh5 8. d4
Bd6 9. Be2 O-O 10. O-O Re8 11. Qc2 Rc8 12. e4 e5 13. exd5 cxd5 14. Nb5 Bb8 15.
Nxe5 a6 16. Na3 Nxe5 17. Bxh5 Nxh5 18. dxe5 Bxe5 19. Bxe5 Rxe5 20. Qd2 Qe7 21.
Qd4 Re4 22. Qxd5 Nf4 23. Qf5 Rc5 24. Qg4 Ne2+ 0-1

[Event "Porz 2- Brackel 2"]
[Site "?"]
[Date "2022.09.25"]
[Round "2.5"]
[White "Slanina, Aaron"]
[Black "Fieberg, Samuel"]
[Result "1-0"]
[WhiteElo "1885"]
[BlackElo "2187"]
[PlyCount "109"]
[EventDate "2022.??.??"]
[SourceVersionDate "2023.06.22"]

1. e4 e5 2. Nf3 Nc6 3. Bb5 Nf6 4. d3 Bc5 5. c3 d5 6. Nbd2 O-O 7. O-O dxe4 8.
dxe4 a5 9. h3 Qe7 10. Qe2 Nb8 11. Re1 c6 12. Bd3 Nh5 13. Nf1 f6 14. Nh4 g6 15.
Bh6 Ng7 16. Ng3 Na6 17. Kh1 Nc7 18. Bc4+ Kh8 19. Rf1 b5 20. Bd3 Nce6 21. f4
exf4 22. Bxf4 g5 23. Nhf5 Nxf4 24. Rxf4 Bxf5 25. Nxf5 Qe5 26. Rf3 Bd6 27. Nxd6
Qxd6 28. e5 Qxe5 29. Re3 Qd6 30. Qf3 Rae8 31. Rxe8 Rxe8 32. Rf1 Rf8 33. Rd1 Qc7
34. b4 a4 35. a3 h5 36. c4 bxc4 37. Bxc4 h4 38. Bd3 Qe5 39. Rf1 c5 40. b5 f5
41. Qc6 Rf6 42. Qf3 Qd4 43. Rd1 Qc3 44. Rb1 Qa5 45. Qe3 Qd8 46. Bc4 Rd6 47.
Qxc5 Nh5 48. b6 Ng3+ 49. Kh2 Qb8 50. Qc7 Rd8 51. Be6 Ne4 52. Bxf5 Nc5 53. Rd1
Rf8 54. Rd6 Na6 55. Qh7# 1-0

[Event "Porz 2- Brackel 2"]
[Site "?"]
[Date "2022.09.25"]
[Round "2.6"]
[White "Gluma, Christian"]
[Black "Garbuz, Nicole"]
[Result "1-0"]
[WhiteElo "2107"]
[BlackElo "1810"]
[PlyCount "99"]
[EventDate "2022.??.??"]
[SourceVersionDate "2023.06.22"]

1. e4 e5 2. Nf3 Nc6 3. Bc4 Bc5 4. c3 Nf6 5. d3 d6 6. a4 a5 7. Nbd2 O-O 8. O-O
Bb6 9. Bb3 h6 10. Nc4 Ba7 11. h3 Re8 12. Be3 Be6 13. Bxa7 Rxa7 14. Re1 Qd7 15.
Kh2 Raa8 16. Ne3 d5 17. exd5 Nxd5 18. Nc4 Bf5 19. Nfxe5 Nxe5 20. Nxe5 Qd6 21.
d4 f6 22. Bxd5+ Qxd5 23. Nf3 Rxe1 24. Qxe1 Be4 25. Nd2 Re8 26. Qf1 Qg5 27. Nc4
b6 28. Re1 Kf7 29. Ne3 Qf4+ 30. Kg1 Qd6 31. Qe2 Qd7 32. b3 Kf8 33. Qd2 f5 34.
Nc4 Bd5 35. Ne5 Qd6 36. c4 Bb7 37. Qf4 Bc8 38. h4 Qf6 39. h5 Kg8 40. Re3 Re7
41. Qf3 Re8 42. Qd5+ Kh7 43. Rg3 Rd8 44. Qc6 Rxd4 45. Qxf6 gxf6 46. Ng6 Rd8 47.
Re3 c6 48. Re7+ Kg8 49. Rc7 Bd7 50. Ne7+ 1-0

[Event "Porz 2- Brackel 2"]
[Site "?"]
[Date "2022.09.25"]
[Round "2.7"]
[White "Schaede, Maximilian"]
[Black "Gallasch, Robin"]
[Result "1/2-1/2"]
[WhiteElo "1645"]
[BlackElo "2015"]
[PlyCount "130"]
[EventDate "2022.??.??"]
[SourceVersionDate "2023.06.22"]

1. d4 Nf6 2. c4 e6 3. Nc3 d5 4. Bg5 Be7 5. e3 h6 6. Bh4 Nbd7 7. cxd5 Nxd5 8.
Bxe7 Qxe7 9. Nf3 O-O 10. a3 Nxc3 11. bxc3 b6 12. Be2 Bb7 13. O-O c5 14. a4 Rfc8
15. a5 Qd8 16. Bb5 cxd4 17. cxd4 Nf6 18. axb6 axb6 19. Qe2 Qd5 20. Ba6 Ne4 21.
Bxb7 Qxb7 22. Rfc1 Rxa1 23. Rxa1 b5 24. Qb2 b4 25. Ne1 Rb8 26. Nd3 Qb5 27. Qb3
Rc8 28. Rc1 Rxc1+ 29. Nxc1 Nd2 30. Qd3 Qxd3 31. Nxd3 b3 32. Nb2 Ne4 33. Kf1 Kf8
34. Ke2 Ke7 35. f3 Nd6 36. Kd3 h5 37. e4 g5 38. Kc3 f5 39. e5 Nb5+ 40. Kc4 Nc7
41. Kxb3 Nd5 42. Nc4 Nf4 43. Ne3 h4 44. Kc4 Kd7 45. g4 hxg3 46. hxg3 Nh5 47. g4
fxg4 48. Nxg4 Ke7 49. Kc5 Nf4 50. Nf2 Kf7 51. Ne4 Kg6 52. Kd6 Ne2 53. d5 exd5
54. Kxd5 Kf5 55. Nd2 Nf4+ 56. Kd6 g4 57. fxg4+ Kxg4 58. Nc4 Kf5 59. Ne3+ Ke4
60. Ng4 Kf5 61. Ne3+ Ke4 62. Nc4 Kf5 63. Nb6 Ne6 64. Nd5 Nd8 65. Ne7+ Ke4
1/2-1/2

[Event "Porz 2- Brackel 2"]
[Site "?"]
[Date "2022.09.25"]
[Round "2.8"]
[White "Sabirov, Rafael"]
[Black "Kasapchuk, Oleksandr"]
[Result "1-0"]
[WhiteElo "1795"]
[BlackElo "1663"]
[PlyCount "95"]
[EventDate "2022.??.??"]
[SourceVersionDate "2023.06.22"]

1. e4 e5 2. Nf3 Nc6 3. Bb5 a6 4. Ba4 Nf6 5. d3 b5 6. Bb3 Be7 7. O-O O-O 8. Re1
d6 9. a4 Bg4 10. c3 Re8 11. h3 Bh5 12. Nbd2 Bf8 13. Nf1 b4 14. a5 bxc3 15. g4
Bg6 16. Ba4 Qd7 17. Qc2 d5 18. Qxc3 Re6 19. Nxe5 d4 20. Qc2 Nxe5 21. Bxd7 Nf3+
22. Kh1 Nxe1 23. Qe2 Nxd7 24. Qxe1 Ne5 25. Ng3 Nxd3 26. Qf1 Nc5 27. f3 Nb3 28.
Ra4 Rc6 29. Rc4 Bc5 30. Qd3 Nxa5 31. b4 Nxc4 32. Qxc4 Rd8 33. bxc5 d3 34. Bd2
Kh8 35. Nf1 h5 36. Be3 hxg4 37. hxg4 Bh7 38. Nd2 Bg8 39. Kg2 Re6 40. Qa4 f6 41.
Bf4 Rb8 42. Bxc7 Rb5 43. Bd6 Rb2 44. Bf4 g5 45. Qd4 Ra2 46. Bxg5 Kh7 47. Bf4 a5
48. c6 1-0

[Event "KKS- Katernberg"]
[Site "?"]
[Date "2022.09.25"]
[Round "2.1"]
[White "Siebrecht, Sebastian"]
[Black "Strohhaeker, Raul"]
[Result "1/2-1/2"]
[WhiteElo "2378"]
[BlackElo "2438"]
[PlyCount "23"]
[EventDate "2022.??.??"]
[SourceVersionDate "2023.06.22"]

1. d4 d5 2. c4 c6 3. cxd5 cxd5 4. Nc3 Nf6 5. Bf4 a6 6. e3 Nc6 7. Nf3 Bg4 8. h3
Bxf3 9. Qxf3 e6 10. Bd3 Bb4 11. O-O Rc8 12. Rfc1 1/2-1/2

[Event "KKS- Katernberg"]
[Site "?"]
[Date "2022.09.25"]
[Round "2.2"]
[White "Morawietz, Dieter"]
[Black "Tomic, Bosko"]
[Result "0-1"]
[WhiteElo "2396"]
[BlackElo "2426"]
[PlyCount "70"]
[EventDate "2022.??.??"]
[SourceVersionDate "2023.06.22"]

1. d4 Nf6 2. c4 g6 3. Nc3 Bg7 4. e4 O-O 5. Nf3 d6 6. Be2 c5 7. O-O cxd4 8. Nxd4
Nc6 9. Be3 Bd7 10. h3 Nxd4 11. Bxd4 Qa5 12. c5 e5 13. Be3 dxc5 14. Qc2 Be6 15.
Rfd1 c4 16. g4 h6 17. Bf3 Rfd8 18. Nd5 Nxd5 19. exd5 Rxd5 20. Bxd5 Bxd5 21. b4
Qb5 22. a4 Qc6 23. b5 Qe6 24. Qe2 c3 25. Ra3 e4 26. Bd4 Bxd4 27. Rxd4 Rc8 28.
Qe3 c2 29. Ra1 h5 30. gxh5 Qe5 31. Rc1 Qxh5 32. Rd2 Bb3 33. Kh2 Qe5+ 34. f4 Qb2
35. Rd4 Be6 0-1

[Event "KKS- Katernberg"]
[Site "?"]
[Date "2022.09.25"]
[Round "2.3"]
[White "Kueppers, Timo"]
[Black "Helbig, Mark"]
[Result "0-1"]
[WhiteElo "2262"]
[BlackElo "2269"]
[PlyCount "90"]
[EventDate "2022.??.??"]
[SourceVersionDate "2023.06.22"]

1. e4 c5 2. Nf3 Nc6 3. d4 cxd4 4. Nxd4 Nf6 5. Nc3 d6 6. Bg5 a6 7. Qd2 e6 8.
O-O-O Be7 9. Bxf6 gxf6 10. f4 Bd7 11. Kb1 Nxd4 12. Qxd4 Qc7 13. Be2 Qc5 14. f5
Qxd4 15. Rxd4 h5 16. Rf1 Rc8 17. Rd3 Rc5 18. Rdf3 Re5 19. Bd3 Rg8 20. Rg3 Rg5
21. Ne2 Bc6 22. h4 Rg4 23. Rxg4 hxg4 24. Rf4 exf5 25. exf5 Bxg2 26. Rxg4 Bf1
27. Nc1 Bxd3 28. Nxd3 Rxf5 29. c4 Rh5 30. Nf4 Rh8 31. h5 f5 32. Rg3 Bf6 33. Rb3
Rg8 34. Rxb7 Rg1+ 35. Kc2 Bg5 36. Nd5 f4 37. Rb8+ Kd7 38. Rb3 Ke6 39. Rh3 Bh6
40. Kd3 Kf5 41. Rh2 Kg4 42. Rc2 Rg3+ 43. Ke2 Rg2+ 44. Kd3 f3 45. Nb4 a5 0-1

[Event "KKS- Katernberg"]
[Site "?"]
[Date "2022.09.25"]
[Round "2.4"]
[White "Wacker, Peter"]
[Black "Schimnatkowski, Lukas"]
[Result "1-0"]
[WhiteElo "2275"]
[BlackElo "2165"]
[PlyCount "93"]
[EventDate "2022.??.??"]
[SourceVersionDate "2023.06.22"]

1. d4 Nf6 2. Nf3 e6 3. c4 Bb4+ 4. Nbd2 b6 5. a3 Bxd2+ 6. Qxd2 Bb7 7. e3 O-O 8.
Be2 d6 9. O-O Ne4 10. Qc2 f5 11. b4 Rf6 12. Bb2 Rg6 13. Rad1 Nd7 14. d5 Ng5 15.
Nd4 Nh3+ 16. Kh1 Qg5 17. g3 Rf8 18. f4 Qd8 19. Bf3 e5 20. Ne6 Qf6 21. Nxf8 Nxf8
22. Bg2 Rh6 23. fxe5 dxe5 24. Qxf5 Qxf5 25. Rxf5 Bc8 26. Rxf8+ Kxf8 27. Rf1+
Rf6 28. Bxe5 Rxf1+ 29. Bxf1 Bf5 30. Bxc7 Nf2+ 31. Kg1 Ng4 32. Bf4 h6 33. h3 Nf6
34. g4 Be4 35. Be5 Nd7 36. Bd6+ Kf7 37. Bg2 Nf6 38. Be5 Nd7 39. Bd4 Bd3 40. c5
Bc4 41. e4 bxc5 42. bxc5 Nf6 43. Kf2 a5 44. Ke3 a4 45. Bxf6 gxf6 46. Kd4 Bb3
47. e5 1-0

[Event "KKS- Katernberg"]
[Site "?"]
[Date "2022.09.25"]
[Round "2.5"]
[White "Wessendorf, Thomas"]
[Black "Bonnmann, Reinhard"]
[Result "1-0"]
[WhiteElo "2229"]
[BlackElo "2267"]
[PlyCount "171"]
[EventDate "2022.??.??"]
[SourceVersionDate "2023.06.22"]

1. e4 c5 2. Nf3 Nc6 3. Bb5 g6 4. O-O Bg7 5. Re1 Nf6 6. c3 O-O 7. h3 e5 8. d3 d6
9. Nbd2 h6 10. Nf1 a6 11. Ba4 b5 12. Bb3 d5 13. a4 Bb7 14. Ng3 dxe4 15. dxe4 c4
16. Bc2 Qxd1 17. Rxd1 b4 18. cxb4 Nxb4 19. Bb1 Rfd8 20. Rxd8+ Rxd8 21. Bd2 Nd3
22. Ba5 Rc8 23. Bxd3 cxd3 24. Nd2 h5 25. f3 Bf8 26. Bc3 Nd7 27. Ngf1 Bc5+ 28.
Kh2 f6 29. Nb3 f5 30. Nfd2 Bb6 31. Rd1 Kf7 32. Nc1 Bc6 33. a5 Bc7 34. Nxd3 Ba4
35. Ra1 Bb5 36. Nb4 Nc5 37. Nd5 Bb8 38. Rd1 Ke6 39. Re1 Rd8 40. Nb4 Na4 41. Nb1
fxe4 42. fxe4 Bc7 43. Nd5 Bd6 44. b3 Nc5 45. Nd2 Bb8 46. Ne3 Rd3 47. Bb4 Nxb3
48. Nf3 Bd6 49. Nd5 Bxb4 50. Ng5+ Kd7 51. Nxb4 Rd4 52. Nd5 Nc5 53. Nf3 Ra4 54.
Nb6+ Kd6 55. Rd1+ Ke7 56. Nxa4 Bxa4 57. Rd5 Nb7 58. Rxe5+ Kf6 59. Rg5 Bc6 60.
e5+ Kg7 61. Nd4 Be4 62. e6 Kf6 63. Rg3 Ke5 64. e7 Nd6 65. Nb3 Kd5 66. Rc3 Bf5
67. Rc7 Ne8 68. Ra7 Kc4 69. Nd2+ Kb5 70. Rb7+ Ka4 71. Nc4 Be4 72. Rb8 Bc6 73.
Ne5 Bb5 74. Nxg6 Kxa5 75. Nf4 Kb4 76. Nxh5 a5 77. Nf4 a4 78. Nd3+ Kc4 79. Nb2+
Kc5 80. Ra8 Nc7 81. Nxa4+ Kd6 82. Ra7 Be8 83. Nc3 Bd7 84. Ne4+ Kc6 85. Rxc7+
Kxc7 86. Nf6 1-0

[Event "KKS- Katernberg"]
[Site "?"]
[Date "2022.09.25"]
[Round "2.6"]
[White "Wisskirchen, Andreas"]
[Black "Bee, Marcus"]
[Result "1/2-1/2"]
[WhiteElo "2203"]
[BlackElo "2219"]
[PlyCount "20"]
[EventDate "2022.??.??"]
[SourceVersionDate "2023.06.22"]

1. Nf3 d6 2. d4 Bg4 3. h3 Bxf3 4. exf3 c6 5. f4 e6 6. Bd3 g6 7. c3 Nd7 8. O-O
Bg7 9. Nd2 Ne7 10. Ne4 Nf6 1/2-1/2

[Event "KKS- Katernberg"]
[Site "?"]
[Date "2022.09.25"]
[Round "2.7"]
[White "Meyer, Armin"]
[Black "Maric, Boris"]
[Result "1/2-1/2"]
[WhiteElo "2203"]
[BlackElo "2047"]
[PlyCount "54"]
[EventDate "2022.??.??"]
[SourceVersionDate "2023.06.22"]

1. Nf3 Nf6 2. c4 b6 3. g3 Bb7 4. Bg2 e6 5. O-O Be7 6. d4 O-O 7. Re1 Qc8 8. Nc3
Ne4 9. Qc2 Nxc3 10. Qxc3 d6 11. e4 Nd7 12. Bf4 c5 13. d5 e5 14. Be3 Qd8 15. a3
g6 16. Bh6 Re8 17. Qc2 Nf6 18. h3 Bc8 19. b4 Nh5 20. Qe2 Ng7 21. Nd2 Bg5 22.
Bxg5 Qxg5 23. h4 Qe7 24. Qe3 f5 25. f4 Bd7 26. fxe5 Qxe5 27. Qf2 Qc3 1/2-1/2

[Event "KKS- Katernberg"]
[Site "?"]
[Date "2022.09.25"]
[Round "2.8"]
[White "Langner, Jasper"]
[Black "Gruenter, Martin"]
[Result "0-1"]
[WhiteElo "1967"]
[BlackElo "2182"]
[PlyCount "90"]
[EventDate "2022.??.??"]
[SourceVersionDate "2023.06.22"]

1. e4 c5 2. Nf3 d6 3. d4 cxd4 4. Nxd4 Nf6 5. Nc3 a6 6. Bg5 e6 7. f4 h6 8. Bh4
Be7 9. Bf2 b5 10. a3 Bb7 11. Qf3 Nbd7 12. O-O-O Nc5 13. Bd3 Qa5 14. Be1 Qb6 15.
Nb3 Rc8 16. Kb1 Nxd3 17. cxd3 a5 18. Bf2 Qa6 19. Rc1 O-O 20. Nd4 Bc6 21. Nxc6
Rxc6 22. Ne2 b4 23. Rxc6 Qxc6 24. Nd4 Qd7 25. axb4 axb4 26. Rc1 Ra8 27. Nc6 Qb7
28. Qd1 Bf8 29. Qb3 d5 30. e5 Nd7 31. f5 Ra6 32. fxe6 fxe6 33. Nd4 Nc5 34. Qd1
b3 35. Rc3 Qf7 36. Bg3 Ra1+ 37. Kxa1 Qa7+ 38. Kb1 Qa2+ 39. Kc1 Qa1+ 40. Kd2
Qxb2+ 41. Nc2 Ne4+ 42. dxe4 Bb4 43. Ke2 Bxc3 44. Kd3 bxc2 45. Qg4 c1=N+ 0-1

[Event "Hansa- Wattenscheid"]
[Site "?"]
[Date "2022.09.25"]
[Round "2.1"]
[White "Klyuner, Vyacheslav"]
[Black "Koscielski, Janusz"]
[Result "1/2-1/2"]
[WhiteElo "2440"]
[BlackElo "2252"]
[PlyCount "43"]
[EventDate "2022.??.??"]
[SourceVersionDate "2023.06.22"]

1. e4 c6 2. d3 d5 3. Nd2 e5 4. Ngf3 Bd6 5. g3 Nf6 6. Bg2 O-O 7. O-O Nbd7 8. Re1
Re8 9. h3 a5 10. a4 Bc7 11. b3 d4 12. Nh4 Nc5 13. Nc4 b5 14. axb5 cxb5 15. Na3
Rb8 16. Bd2 Be6 17. b4 axb4 18. Bxb4 Na6 19. Bd2 Nc5 20. Bb4 Na6 21. Bd2 Nc5
22. Bb4 1/2-1/2

[Event "Hansa- Wattenscheid"]
[Site "?"]
[Date "2022.09.25"]
[Round "2.2"]
[White "Schiffer, Kai- Uwe"]
[Black "Scholz, Christian"]
[Result "1-0"]
[WhiteElo "2295"]
[BlackElo "2338"]
[PlyCount "87"]
[EventDate "2022.??.??"]
[SourceVersionDate "2023.06.22"]

1. e4 c5 2. c3 Nf6 3. e5 Nd5 4. Nf3 e6 5. Bc4 Nb6 6. Bb3 d6 7. exd6 Qxd6 8. O-O
Be7 9. d4 Bd7 10. Qe2 cxd4 11. cxd4 Bc6 12. Nc3 O-O 13. Ne5 Qxd4 14. Rd1 Qc5
15. Bf4 N8d7 16. Rac1 Qb4 17. Nxc6 bxc6 18. Bd2 Qh4 19. g3 Qh3 20. Ne4 Rac8 21.
Bg5 Bxg5 22. Nxg5 Qf5 23. Nxe6 Rfe8 24. Nd4 Qf6 25. Rxc6 Rxe2 26. Rxf6 gxf6 27.
Nxe2 Nc5 28. Rc1 Nd3 29. Rxc8+ Nxc8 30. Nf4 Nxb2 31. Kg2 Nb6 32. Kf3 a5 33. Ke4
a4 34. Bc2 N2c4 35. Kd4 Ne5 36. Kc5 Nbd7+ 37. Kb4 Ng4 38. Bf5 Nde5 39. Bxg4
Nxg4 40. Kxa4 Nxh2 41. Kb5 Ng4 42. a4 Nxf2 43. a5 Ne4 44. Kc6 1-0

[Event "Hansa- Wattenscheid"]
[Site "?"]
[Date "2022.09.25"]
[Round "2.3"]
[White "Christensen, Niels"]
[Black "Straeter, Timo"]
[Result "0-1"]
[WhiteElo "2315"]
[BlackElo "2291"]
[PlyCount "80"]
[EventDate "2022.??.??"]
[SourceVersionDate "2023.06.22"]

1. d4 d5 2. c4 c6 3. e3 Nf6 4. Bd3 a6 5. Nc3 b5 6. b3 Bg4 7. Qc2 e6 8. Nge2
Bxe2 9. Bxe2 Nbd7 10. O-O Rc8 11. Bb2 Bd6 12. e4 dxe4 13. Nxe4 Nxe4 14. Qxe4
Nf6 15. Qh4 O-O 16. Rfd1 Qe7 17. Bd3 Rfe8 18. Rab1 h6 19. Re1 bxc4 20. bxc4 c5
21. Ba1 cxd4 22. Qxd4 Red8 23. Qc3 Bxh2+ 24. Kh1 Bb8 25. Be4 Qc5 26. Qf3 Nxe4
27. Rxe4 Qf5 28. Qe2 Rd2 29. Qxd2 Qxe4 30. Rc1 Qh4+ 31. Kg1 Qh2+ 32. Kf1 Qh1+
33. Ke2 Qxg2 34. c5 Qg4+ 35. Kf1 Bf4 36. Qd7 Rc7 37. Qd8+ Kh7 38. Rc4 Qf3 39.
Qd4 e5 40. Qd6 Rb7 0-1

[Event "Hansa- Wattenscheid"]
[Site "?"]
[Date "2022.09.25"]
[Round "2.4"]
[White "Wengenroth, Walter"]
[Black "Linker, Walter"]
[Result "1/2-1/2"]
[WhiteElo "2298"]
[BlackElo "2044"]
[PlyCount "103"]
[EventDate "2022.??.??"]
[SourceVersionDate "2023.06.22"]

1. e4 e5 2. Nf3 Nc6 3. d4 exd4 4. Nxd4 d6 5. Nc3 Bd7 6. Be3 Nf6 7. f3 a6 8. Qd2
h6 9. O-O-O Qe7 10. Nd5 Qd8 11. g4 Be7 12. Kb1 Nxd5 13. exd5 Nxd4 14. Bxd4 Bf6
15. Be3 Kf8 16. h4 Qe7 17. Bf4 Re8 18. Bd3 Be5 19. Bxe5 Qxe5 20. Qa5 b6 21.
Qxa6 Qxd5 22. Be4 Qc5 23. Qd3 Be6 24. h5 Rd8 25. Rhe1 b5 26. b3 Rb8 27. Rd2 Qa3
28. Qc3 Qa7 29. Bc6 Qb6 30. Be4 b4 31. Qd3 Qa5 32. f4 Bxg4 33. f5 Bxh5 34. Rh2
Bg4 35. Rg1 Qe5 36. Rh4 d5 37. Rhxg4 dxe4 38. Rxe4 Qd6 39. Rd4 Qf6 40. Rd7 c5
41. Qd5 Rc8 42. Re1 Kg8 43. Ree7 Rf8 44. Qxc5 h5 45. Re1 h4 46. Qxb4 h3 47.
Rdd1 Rc8 48. Qe4 Rh4 49. Qf3 g5 50. Rh1 g4 51. Qf2 Rc3 52. Rdg1 1/2-1/2

[Event "Hansa- Wattenscheid"]
[Site "?"]
[Date "2022.09.25"]
[Round "2.5"]
[White "Krueger, Simon"]
[Black "Sandkamp, Ralph"]
[Result "0-1"]
[WhiteElo "2035"]
[BlackElo "2241"]
[PlyCount "96"]
[EventDate "2022.??.??"]
[SourceVersionDate "2023.06.22"]

1. d4 Nf6 2. Nf3 g6 3. g3 Bg7 4. Bg2 O-O 5. O-O d6 6. c4 Nc6 7. d5 Na5 8. Na3
c5 9. Nd2 a6 10. Rb1 e6 11. e4 exd5 12. cxd5 b5 13. b4 Nb7 14. Re1 Re8 15. Nc2
Ng4 16. Nb3 cxb4 17. Nxb4 Qb6 18. Re2 Nc5 19. Nxc5 dxc5 20. Nc6 Bd7 21. h3 Bxc6
22. hxg4 Bd7 23. g5 Bd4 24. Rd2 Rac8 25. Bf3 b4 26. Kg2 a5 27. Bg4 Bxg4 28.
Qxg4 c4 29. d6 Qxd6 30. Re2 c3 31. Bf4 Qe6 32. Qh4 c2 33. Rh1 h5 34. gxh6 Kh7
35. e5 Qd5+ 36. Kh2 Bxe5 37. Ree1 Bh8 38. Re7 Qxa2 39. Bc1 Rxe7 40. Qxe7 Qe6
41. Re1 Qxe7 42. Rxe7 Kg8 43. h7+ Kxh7 44. Rxf7+ Kg8 45. Rb7 Bc3 46. Rb6 a4 47.
f4 b3 48. Rxg6+ Kf7 0-1

[Event "Hansa- Wattenscheid"]
[Site "?"]
[Date "2022.09.25"]
[Round "2.6"]
[White "Thiel, Thomas"]
[Black "Hillebrand, Carsten"]
[Result "1/2-1/2"]
[WhiteElo "2230"]
[BlackElo "1949"]
[PlyCount "86"]
[EventDate "2022.??.??"]
[SourceVersionDate "2023.06.22"]

1. e4 c5 2. Nc3 g6 3. d4 cxd4 4. Qxd4 f6 5. Be3 Nh6 6. f3 Nf7 7. Bc4 Ne5 8. Be2
Nbc6 9. Qd2 d6 10. h3 Be6 11. b3 Qa5 12. f4 Nd7 13. Nf3 Bf7 14. Nd5 Qxd2+ 15.
Kxd2 O-O-O 16. Nd4 e6 17. Nxc6 bxc6 18. Nb4 Nb8 19. Bxa7 d5 20. Na6 Nxa6 21.
Bxa6+ Kc7 22. Bd4 dxe4 23. Kc3 Bb4+ 24. Kxb4 Rxd4+ 25. Kc3 Rhd8 26. Bc4 R4d7
27. a4 e5 28. fxe5 Bxc4 29. Kxc4 f5 30. e6 Re7 31. Raf1 Rd2 32. g4 Rxc2+ 33.
Kd4 Rxe6 34. gxf5 gxf5 35. Rxf5 e3 36. Kd3 Rd2+ 37. Kc3 Rd7 38. Re1 e2 39. Rf2
Re3+ 40. Kc2 Rdd3 41. Rf7+ Kb6 42. Rxh7 Rc3+ 43. Kd2 Rcd3+ 1/2-1/2

[Event "Hansa- Wattenscheid"]
[Site "?"]
[Date "2022.09.25"]
[Round "2.7"]
[White "Zelt, Jens"]
[Black "Kaehmann, Joerg"]
[Result "1-0"]
[WhiteElo "2086"]
[BlackElo "2177"]
[PlyCount "73"]
[EventDate "2022.??.??"]
[SourceVersionDate "2023.06.22"]

1. d4 Nf6 2. Nf3 g6 3. c3 Bg7 4. h3 b6 5. Bf4 Bb7 6. Nbd2 c5 7. e3 d6 8. Be2
O-O 9. O-O Nc6 10. Bh2 Rc8 11. a4 Qd7 12. Qb1 Rfd8 13. Rd1 Qe8 14. Bb5 a6 15.
Be2 d5 16. b4 cxb4 17. cxb4 Ne4 18. Qb2 Nxd2 19. Rxd2 Nb8 20. Ne5 Nd7 21. Nxd7
Qxd7 22. b5 Ra8 23. Rc1 Qe6 24. Rdc2 Bh6 25. Be5 axb5 26. axb5 f6 27. Bg4 f5
28. Bf3 Bg7 29. Bg3 Ra5 30. Rc7 Ba8 31. Ra1 Rxa1+ 32. Qxa1 Kf8 33. Ra7 Qc8 34.
Bc7 Re8 35. Bxb6 e5 36. Bc5+ Kg8 37. Rxa8 1-0

[Event "Hansa- Wattenscheid"]
[Site "?"]
[Date "2022.09.25"]
[Round "2.8"]
[White "Schroeder, Wilfried"]
[Black "David, Adalbert"]
[Result "1-0"]
[WhiteElo "2174"]
[BlackElo "2120"]
[PlyCount "63"]
[EventDate "2022.??.??"]
[SourceVersionDate "2023.06.22"]

1. d4 d5 2. Nf3 Nf6 3. c4 e6 4. g3 Nbd7 5. Bg2 Be7 6. O-O O-O 7. Qc2 a6 8. Nbd2
dxc4 9. Nxc4 Nd5 10. e4 Nb4 11. Qc3 b5 12. Nce5 Nxe5 13. Nxe5 f6 14. Nf3 Bb7
15. a3 Nc6 16. Be3 Qd7 17. Rfd1 Nd8 18. d5 e5 19. Rac1 Rc8 20. Ne1 Nf7 21. Nd3
Rfe8 22. b4 c6 23. Nc5 Bxc5 24. bxc5 Kf8 25. h4 Rcd8 26. Kh2 g5 27. hxg5 fxg5
28. Qd2 Qg4 29. Qa5 Re7 30. Rd2 Qc8 31. Rcd1 g4 32. dxc6 1-0